000 00548nam a22001817a 4500
003 DO-SdBNP
005 20220531084023.0
007 ta
008 211109b2000 dr ||||| |||| 00| 0 spa d
040 _aDO-SdBNP
_bspa
_cBNPHU
110 1 _aRepública Dominicana.
_b [Leyes, etc.].
_911088
245 1 0 _aLey de mercado de valores no. 19-00 del 8 de mayo del 2000 /
260 _aSanto Domingo :
_b Superintendencia de Valores,
_c2000.
300 _a 78 p. ;
_c21 cm.
590 _aInventariado, 2021 /LP
910 _aLopérez
942 _2ddc
_cLBS1
999 _c50894
_d50894